| 000 | 00391nam a2200121 4500 | ||
|---|---|---|---|
| 999 |
_c9730 _d9730 |
||
| 008 | 180716b ||||| |||| 00| 0 eng d | ||
| 100 |
_928908 _aTayao-Juego, Annelle |
||
| 245 |
_aConstant stress, struggle to live healthy hound consumers/ _cAnnelle Tayao-Juego |
||
| 260 |
_aPhilippines _bPhilippine Daily Inquirer _cc2017 |
||
| 300 | _apage B2-4. | ||
| 650 | 0 |
_928909 _aStress. |
|
| 942 |
_2ddc _cPER |
||